| 000 | 00470nam a2200181Ia 4500 | ||
|---|---|---|---|
| 008 | 180424s9999 xx 000 0 und d | ||
| 020 | _a133351416 | ||
| 084 | _a510.78 G17 | ||
| 100 | _a"Grout, V Jarrell" | ||
| 245 | 0 | _aFundamental Computer Programing Using Fortran-77 | |
| 250 | _a\\198300ENGGPSX | ||
| 260 | _aPrentice Hall | ||
| 260 | _b1983 | ||
| 260 | _cEnglewood Cliffs | ||
| 300 | _axiv+384p | ||
| 500 | _aincludes index and biblioraphy | ||
| 942 | _cBK | ||
| 999 |
_c49336 _d49336 |
||